00383nam a2200109Ia 4500008004100000020002200041041001200063100002300075245003000098260003200128650011300160231221s9999 xx 000 0 und d a978-0-387-23333-8 aEnglish aRobert M. Sorensen 0aBasic Coastal Engineering c2006bSpringer USaNew York aCivil Engineering; Mechanical Engineering; Landscape/Regional and Urban Planning; Engineering Fluid Dynamics